00654nam a2200217Ia 4500003000400000005001700004008004100021020001400062040000700076041000800083082002200091100003000113245002200143260004500165300001100210365001300221906003000234942001200264999001900276952014100295OSt20230506131048.0210423s2005 xx 000 0 und d a195674049 cAL aeng a541.37 223bHORP aHORE (P J);others.999430 aNMR: the toolkit. aNew DelhibOxford University Pressc2005 a85bPB b125cINR aNMR: ; toolkit ; toolkit. 2ddccBK c163768d163768 001040708BIOCaSACPGbSACPGd2008-09-11eHigginbothams Pvt Ltdg125.00l0o541.37 HORPpPG010265r2021-04-26 00:00:00w2021-04-26yBK